[Event "Ì19"]
[Site "Loo"]
[Date "2017.04.26"]
[Round "7.16"]
[White "Ïîñòíèêîâ, Àðòåì."]
[Black "Ãóí÷åíêî, Âàäèì."]
[Result "1/2-1/2"]
[WhiteElo "2197"]
[BlackElo "2292"]
[PlyCount "81"]
[EventDate "2017.04.20"]

1. e4 c5 2. Nf3 d6 3. d4 cxd4 4. Nxd4 Nf6 5. Nc3 a6 6. Bg5 e6 7. Qe2 Nbd7 8.
O-O-O Be7 9. f4 Qc7 10. g4 b5 11. a3 Bb7 12. Bh4 Nxe4 13. Nxe4 Bxh4 14. Nxe6
fxe6 15. Nxd6+ Ke7 16. Rg1 Raf8 17. Nf5+ Rxf5 18. gxf5 Bf6 19. Qxe6+ Kd8 20.
Bg2 Re8 21. Rxd7+ Qxd7 22. Qxd7+ Kxd7 23. Bxb7 Kc7 24. Bf3 Re3 25. Rf1 a5 26.
Kd2 Re7 27. c3 Kb6 28. Be2 b4 29. axb4 axb4 30. cxb4 Bxb2 31. Bd3 h6 32. Rb1
Bd4 33. Rf1 Rc7 34. b5 Ra7 35. Rb1 Ra2+ 36. Bc2 Ra3 37. Rb3 Rxb3 38. Bxb3 Kxb5
39. h3 Bf6 40. Be6 Kc5 41. Kd3 1/2-1/2

[Event "Ì19"]
[Site "Loo"]
[Date "2017.04.26"]
[Round "7.17"]
[White "Áû÷êîâ, Âëàäèìèð."]
[Black "Êóçíåöîâ, Ôåëèêñ."]
[Result "1-0"]
[WhiteElo "2202"]
[BlackElo "2176"]
[PlyCount "65"]
[EventDate "2017.04.20"]

1. c4 f5 2. Nc3 Nf6 3. d4 g6 4. h4 Bg7 5. h5 Nxh5 6. e4 Nf6 7. exf5 gxf5 8. Be2
O-O 9. Bg5 c5 10. Nf3 cxd4 11. Nxd4 e6 12. Qd3 Nc6 13. Nxc6 dxc6 14. Qh3 Qc7
15. O-O-O e5 16. Bxf6 Bxf6 17. g4 Kh8 18. Kb1 fxg4 19. Bxg4 Bxg4 20. Qxg4 Rad8
21. Ne4 Rd4 22. Qf5 Qg7 23. Rdg1 Qd7 24. Qf3 Bg7 25. Qg2 Rf4 26. f3 Kg8 27. Qh2
h6 28. Rxg7+ Kxg7 29. Qxh6+ Kf7 30. Qh7+ Kf8 31. Qh8+ Ke7 32. Rh7+ Rf7 33. Qf6+
1-0

[Event "Ì19"]
[Site "Loo"]
[Date "2017.04.26"]
[Round "7.18"]
[White "×åðåäíè÷åíêî, Äìèòðèé."]
[Black "Íàñèáóëëèí, Èñêàíäåð."]
[Result "1/2-1/2"]
[WhiteElo "2282"]
[BlackElo "2162"]
[PlyCount "81"]
[EventDate "2017.04.20"]

1. d4 Nf6 2. c4 e6 3. g3 d5 4. Nf3 Be7 5. Bg2 O-O 6. O-O b6 7. cxd5 exd5 8. Nc3
Bb7 9. Bf4 Na6 10. Rc1 c5 11. Ne5 Re8 12. Qa4 cxd4 13. Qxd4 Bc5 14. Qd2 g5 15.
Bxg5 Rxe5 16. Qf4 Re6 17. Bh3 Rc6 18. Qh4 Nc7 19. e4 h6 20. Qxh6 Qf8 21. Qh4
Nh7 22. exd5 Nxg5 23. Qxg5+ Rg6 24. Qe5 Ne8 25. Bf5 Rg7 26. Rfe1 Nd6 27. Qf4 a5
28. a3 Rd8 29. b4 axb4 30. axb4 Bxb4 31. Qxb4 Nxf5 32. Qxb6 Nd6 33. Qb4 Rg6 34.
Re5 Bc8 35. Rce1 Bg4 36. Qf4 Qh6 37. Qb4 Qh3 38. Ne2 Bxe2 39. R1xe2 Qg4 40.
Qxg4 Rxg4 41. Re7 1/2-1/2

[Event "Ì19"]
[Site "Loo"]
[Date "2017.04.26"]
[Round "7.19"]
[White "Ñïèðèäîíîâ, Åâãåíèé."]
[Black "Òðóá÷àíèíîâ, Òèìóð."]
[Result "1/2-1/2"]
[WhiteElo "2130"]
[BlackElo "2185"]
[PlyCount "70"]
[EventDate "2017.04.20"]

1. d4 d5 2. c4 e6 3. Nc3 c6 4. Nf3 Nf6 5. e3 Nbd7 6. Qc2 Bd6 7. g4 h6 8. Rg1
dxc4 9. Bxc4 b5 10. Be2 Bb7 11. Bd2 a6 12. h4 c5 13. g5 hxg5 14. hxg5 Nd5 15.
Nxd5 Bxd5 16. dxc5 Nxc5 17. Bc3 Rc8 18. Qd1 Rg8 19. g6 f6 20. Nd4 Ne4 21. f3
Nxc3 22. bxc3 Rxc3 23. e4 Bc4 24. Bxc4 Rxc4 25. Nxe6 Qb6 26. Ke2 Be5 27. Qd5
Rc2+ 28. Kd1 Rc4 29. Nc7+ Ke7 30. Qxe5+ Kd7 31. Qd5+ Kxc7 32. Qf7+ Kc6 33. Qd5+
Kc7 34. Qf7+ Kc6 35. Qd5+ Kc7 1/2-1/2

[Event "Ì19"]
[Site "Loo"]
[Date "2017.04.26"]
[Round "7.20"]
[White "Áåçîòå÷åñòâî, Êîíñòàíòèí."]
[Black "Àëåêñååâ, Ìèõàèë."]
[Result "1-0"]
[WhiteElo "2160"]
[BlackElo "1858"]
[PlyCount "120"]
[EventDate "2017.04.20"]

1. d4 Nf6 2. c4 g6 3. g3 Bg7 4. Bg2 O-O 5. Nc3 c6 6. Nf3 d5 7. b3 Bf5 8. O-O
Ne4 9. Bb2 Nxc3 10. Bxc3 Be4 11. e3 Nd7 12. Bh3 Bxf3 13. Qxf3 Nf6 14. Qe2 e6
15. Bb2 Qa5 16. Bg2 Rac8 17. Rfc1 Qb6 18. h3 Rfe8 19. Kh2 Bf8 20. c5 Qc7 21. b4
a6 22. a4 Ra8 23. Bc3 Rec8 24. Ra2 Qd7 25. Be1 Bg7 26. Rb2 b5 27. Ra2 Qc7 28.
Rca1 Qb7 29. f3 Nd7 30. Bc3 Rcb8 31. Ra3 Ra7 32. axb5 cxb5 33. e4 Nf6 34. Bd2
Rd8 35. Be1 Qc6 36. Bf2 Rda8 37. g4 Re8 38. Bg3 Rd8 39. Bf2 Bh6 40. Bg3 Bg7 41.
Be5 Ne8 42. exd5 exd5 43. Qa2 Bxe5+ 44. dxe5 Nc7 45. f4 Qe6 46. Re1 d4 47. Qd2
a5 48. f5 Qe8 49. bxa5 Na6 50. Rd3 Nxc5 51. Rxd4 Rad7 52. Rxd7 Qxd7 53. Qxd7
Rxd7 54. e6 fxe6 55. fxe6 Re7 56. Re5 Nd3 57. Rxb5 Nf4 58. Rb8+ Kg7 59. Rb7
Rxb7 60. Bxb7 Nxe6 1-0

[Event "Ì19"]
[Site "Loo"]
[Date "2017.04.26"]
[Round "7.21"]
[White "Êàïïóøåâ, Àõìàò."]
[Black "Ãîðîæàíêèí, Âàäèì."]
[Result "1/2-1/2"]
[WhiteElo "1893"]
[BlackElo "2190"]
[PlyCount "126"]
[EventDate "2017.04.20"]

1. Nf3 Nf6 2. b3 d5 3. c4 c6 4. g3 e6 5. Bg2 Bd6 6. Bb2 Nbd7 7. O-O O-O 8. d3
Re8 9. Nbd2 e5 10. cxd5 cxd5 11. e4 dxe4 12. dxe4 Qe7 13. Qe2 Nb6 14. Rac1 Bd7
15. Rc2 Bc6 16. Rfc1 Nfd7 17. Ne1 Nf8 18. Nd3 f6 19. Nc5 Bxc5 20. Rxc5 Ne6 21.
R5c2 Red8 22. a4 a6 23. Nc4 Nxc4 24. Rxc4 Rd7 25. Bh3 Rad8 26. R4c2 Kh8 27. Ba3
Qxa3 28. Bxe6 Rd4 29. f3 Rd2 30. Qc4 Rxc2 31. Qxc2 Qd6 32. Bc4 Qd4+ 33. Qf2
Qxf2+ 34. Kxf2 Rd2+ 35. Be2 g6 36. Ke3 Rb2 37. Rc3 a5 38. h4 Kg7 39. Kf2 Kf8
40. Ke3 Ke7 41. Kf2 Kd6 42. Ke3 Kd7 43. Rd3+ Ke7 44. Rc3 Kd6 45. Bf1 Bd7 46.
Bc4 Rg2 47. Bf1 Rb2 48. Bc4 Rg2 49. Bf1 Rb2 50. Bc4 Rb1 51. Rc2 Rg1 52. Kf2 Rd1
53. Ke2 Rd4 54. Ke3 h6 55. Rc3 Rd1 56. Rd3+ Rxd3+ 57. Kxd3 Kc5 58. Kc3 g5 59.
hxg5 hxg5 60. g4 b6 61. Bd3 Be8 62. Bc4 Bd7 63. Bd3 Be8 1/2-1/2

[Event "Ì19"]
[Site "Loo"]
[Date "2017.04.26"]
[Round "7.22"]
[White "×èáóõ÷ÿí, Ýðèê."]
[Black "Õàëòóðèí, Íèêîëàé."]
[Result "0-1"]
[WhiteElo "2149"]
[BlackElo "1965"]
[PlyCount "104"]
[EventDate "2017.04.20"]

1. c4 c6 2. d4 d5 3. Nf3 Nf6 4. Nc3 a6 5. a4 Bf5 6. Qb3 Ra7 7. Bf4 dxc4 8. Qxc4
Nbd7 9. a5 e6 10. Nh4 Bg6 11. Nxg6 hxg6 12. g3 Nd5 13. Bd2 N7f6 14. Bg2 Nc7 15.
O-O Nb5 16. Nxb5 axb5 17. Qd3 Ra6 18. Rfd1 Be7 19. Be1 O-O 20. e4 b4 21. Qe2
Rxa5 22. Rxa5 Qxa5 23. d5 Rd8 24. dxe6 fxe6 25. Rxd8+ Qxd8 26. Bh3 e5 27. Qc4+
Kh7 28. f3 Qd1 29. Kf2 b3 30. Be6 b6 31. Qxb3 Bc5+ 32. Kf1 Qd4 33. Ke2 Qg1 34.
Bf7 Qxh2+ 35. Kd1 Bd4 36. Qc2 Qh1 37. Qe2 Nh5 38. Kc2 Qg1 39. f4 exf4 40. Qg4
Qg2+ 41. Kd3 Nf6 42. Qxg6+ Kh8 43. Kxd4 Qg1+ 44. Ke5 Qxe1 45. gxf4 Qa5+ 46. Ke6
Qc5 47. e5 Qd5+ 48. Kf5 Qd7+ 49. Be6 Qd3+ 50. Kg5 Qg3+ 51. Kf5 Qh3+ 52. Kg5
Nh7+ 0-1

[Event "Ä11Ï"]
[Site "Loo"]
[Date "2017.04.27"]
[Round "8.1"]
[White "Øåâöîâà, Äàðüÿ."]
[Black "Âîë÷êîâà, Àëåíà."]
[Result "1-0"]
[WhiteElo "1445"]
[BlackElo "1207"]
[PlyCount "57"]
[EventDate "2017.04.20"]

1. d4 Nf6 2. Bf4 g6 3. e3 Bg7 4. Be2 O-O 5. h3 d6 6. Nf3 Nbd7 7. Nbd2 Re8 8.
Nc4 Ne4 9. Qd3 Ndf6 10. Ncd2 d5 11. c4 Bf5 12. Qb3 b6 13. Bh2 c5 14. cxd5 Nxd5
15. Bb5 Rf8 16. Bc6 Nb4 17. Bxe4 Bxe4 18. Nxe4 b5 19. Nxc5 Qa5 20. O-O Nc6 21.
Rfc1 Rac8 22. Rc2 Nb4 23. Rc3 Rfe8 24. a3 Nc6 25. Rac1 b4 26. axb4 Nxb4 27. Rc4
Rb8 28. Bxb8 Rxb8 29. Qa3 1-0

[Event "Ä11Ï"]
[Site "Loo"]
[Date "2017.04.27"]
[Round "8.2"]
[White "Ðèÿíîâà, Ðàëèíà."]
[Black "Çàâèâàåâà, Ýâåëèíà."]
[Result "0-1"]
[WhiteElo "1165"]
[BlackElo "1326"]
[PlyCount "120"]
[EventDate "2017.04.20"]

1. e4 e6 2. d4 d5 3. Nc3 Be7 4. Be3 b6 5. e5 Ba6 6. Bxa6 Nxa6 7. Qd2 c5 8. Nf3
Nc7 9. O-O-O Qd7 10. Kb1 c4 11. h3 Nb5 12. a3 Nxc3+ 13. Qxc3 a5 14. Qd2 b5 15.
c3 b4 16. cxb4 axb4 17. axb4 Qa4 18. Qe2 Bxb4 19. Ne1 Qa2+ 20. Kc1 Ba3 21. Qc2
Qa1+ 22. Kd2 Qxb2 23. Qxb2 Bxb2 24. Rb1 c3+ 25. Kc2 Ne7 26. Nd3 O-O 27. Nxb2
cxb2 28. Rxb2 Rfc8+ 29. Kd2 h6 30. Ke2 Ra3 31. Rd1 Rac3 32. Bd2 R3c4 33. Bb4
Rb8 34. Rdb1 Nc6 35. Bc5 Rxb2+ 36. Rxb2 Nxd4+ 37. Bxd4 Rxd4 38. Kf3 Re4 39. Re2
Rxe2 40. Kxe2 Kf8 41. f4 Ke7 42. g4 f6 43. exf6+ Kxf6 44. h4 g6 45. g5+ hxg5
46. hxg5+ Kf5 47. Kf3 d4 48. Kg3 Ke4 49. f5 exf5 50. Kf2 f4 51. Ke2 f3+ 52. Kd2
d3 53. Ke1 Ke3 54. Kf1 d2 55. Kg1 d1=Q+ 56. Kh2 Qe2+ 57. Kh3 f2 58. Kg3 f1=R
59. Kh3 Rh1+ 60. Kg3 Qf3# 0-1

[Event "Ä11Ï"]
[Site "Loo"]
[Date "2017.04.27"]
[Round "8.3"]
[White "Ìóòèíà, Ñîôèÿ."]
[Black "Óçèíöåâà, Äàðüÿ."]
[Result "1-0"]
[WhiteElo "1255"]
[BlackElo "1291"]
[PlyCount "81"]
[EventDate "2017.04.20"]

1. Nf3 d5 2. b3 Nf6 3. Bb2 c5 4. e3 Nc6 5. Bb5 Bd7 6. O-O a6 7. Bxc6 Bxc6 8.
Ne5 e6 9. f4 Bd6 10. d3 O-O 11. Rf3 Nd7 12. Rh3 f6 13. Qh5 fxe5 14. Qxh7+ Kf7
15. Qh5+ Ke7 16. Qg5+ Ke8 17. Qg6+ Rf7 18. fxe5 Bf8 19. Rf3 Qe7 20. d4 cxd4 21.
exd4 Bb5 22. a4 Be2 23. Rf2 Bd1 24. Nc3 Bxc2 25. Rxc2 Kd8 26. Bc1 Qe8 27. Bg5+
Be7 28. Bxe7+ Qxe7 29. Rac1 Qe8 30. Qg5+ Qe7 31. Qxe7+ Kxe7 32. b4 Rc8 33. a5
Rc4 34. b5 Rxd4 35. bxa6 bxa6 36. Rb1 Rc4 37. Rb7 Rc6 38. Nxd5+ exd5 39. Rxc6
Ke8 40. e6 Rf6 41. exd7+ 1-0

[Event "Ä11Ï"]
[Site "Loo"]
[Date "2017.04.27"]
[Round "8.4"]
[White "Ìàòâååâà, Êñåíèÿ."]
[Black "Æàïîâà, ßíà."]
[Result "1-0"]
[WhiteElo "1292"]
[BlackElo "1316"]
[PlyCount "69"]
[EventDate "2017.04.20"]

1. Nf3 d5 2. c4 d4 3. b4 Nf6 4. Bb2 c5 5. e3 dxe3 6. fxe3 cxb4 7. d4 e5 8. Nxe5
Bd6 9. Nf3 Qe7 10. Qe2 O-O 11. c5 Bc7 12. g3 Re8 13. Bc1 Ng4 14. Bg2 Nxe3 15.
Bxe3 Qxe3 16. Qxe3 Rxe3+ 17. Kf2 Re8 18. Nbd2 Nd7 19. Rhe1 Rxe1 20. Rxe1 Nf6
21. d5 Bd7 22. d6 Bd8 23. Ne5 Bc6 24. Bxc6 bxc6 25. Nxc6 Rc8 26. Nxd8 Rxd8 27.
Ne4 Ng4+ 28. Kg1 f5 29. Ng5 Nf6 30. Rd1 h6 31. Ne6 Re8 32. Nd4 Ne4 33. d7 Ra8
34. Nc6 Kh7 35. d8=Q 1-0

[Event "Ä11Ï"]
[Site "Loo"]
[Date "2017.04.27"]
[Round "8.5"]
[White "Åôèìîâà, Äàðüÿ."]
[Black "Ãëóøêîâà, Ìèëàíà."]
[Result "0-1"]
[WhiteElo "1199"]
[BlackElo "1231"]
[PlyCount "104"]
[EventDate "2017.04.20"]

1. e4 c5 2. b3 d6 3. Bb2 e5 4. Nc3 Nf6 5. Qe2 Be7 6. h3 Nc6 7. Nf3 O-O 8. g4
Be6 9. g5 Nh5 10. h4 Nf4 11. Qd1 Bg4 12. Rg1 Qd7 13. Bb5 Bxf3 14. Bxc6 Bxd1 15.
Bxd7 Bxc2 16. Bb5 a6 17. Bf1 Bd3 18. O-O-O b5 19. Nd5 Nxd5 20. exd5 Bg6 21. Be2
Be4 22. h5 Bxd5 23. g6 h6 24. gxf7+ Rxf7 25. Rdf1 c4 26. Rg3 cxb3 27. axb3 Rc8+
28. Kb1 Be4+ 29. Ka1 Bf5 30. Rfg1 Be6 31. Rg6 Bxb3 32. Rxh6 Rf6 33. Rhg6 Rxg6
34. Rxg6 Bf7 35. Rg1 Rc2 36. Bc3 Ra2+ 37. Kb1 Ra4 38. h6 Bf6 39. Bd1 Rh4 40.
hxg7 Bxg7 41. Bc2 b4 42. Ba1 b3 43. Bd3 a5 44. Bb2 a4 45. Ba3 Rd4 46. Rg3 Rh4
47. Rg1 d5 48. Bd6 e4 49. Be2 Kh8 50. Bg3 Rh7 51. Rc1 a3 52. Rc8+ Bg8 0-1

[Event "Ä11Ï"]
[Site "Loo"]
[Date "2017.04.27"]
[Round "8.6"]
[White "Êèðäÿøêèíà, Åêàòåðèíà."]
[Black "Òåëåëþõèíà, Åëèçàâåòà."]
[Result "1-0"]
[WhiteElo "1198"]
[BlackElo "1214"]
[PlyCount "71"]
[EventDate "2017.04.20"]

1. e4 c5 2. Nf3 Nc6 3. c3 Nf6 4. Qc2 e5 5. Bc4 Be7 6. d3 O-O 7. Be3 d6 8. O-O
b6 9. Nbd2 Bb7 10. h3 Na5 11. Bb3 Nxb3 12. Nxb3 Rc8 13. c4 h6 14. Nh2 a6 15. a4
Qd7 16. Nd2 b5 17. axb5 axb5 18. f4 Ra8 19. fxe5 dxe5 20. Nhf3 Bd6 21. cxb5
Qxb5 22. Nc4 Bc7 23. Nfxe5 Bxe5 24. Nxe5 Rfe8 25. Rxa8 Bxa8 26. Nc4 Qb6 27.
Nxb6 Bb7 28. Bxh6 Nxe4 29. dxe4 Bxe4 30. Qa4 Rd8 31. Qxe4 gxh6 32. Qf5 Rf8 33.
Nd7 Ra8 34. Qxf7+ Kh8 35. Nf6 Rb8 36. Qh7# 1-0

[Event "Ä11Ï"]
[Site "Loo"]
[Date "2017.04.27"]
[Round "8.7"]
[White "Åëüíèêîâà, Ìèëåíà."]
[Black "Öàð¸âà, Àëåêñàíäðà."]
[Result "1-0"]
[WhiteElo "1134"]
[BlackElo "1212"]
[PlyCount "77"]
[EventDate "2017.04.20"]

1. d4 Nf6 2. Nc3 d5 3. Bf4 g6 4. Nf3 Bg7 5. e3 O-O 6. Bd3 Nbd7 7. O-O c5 8. Re1
c4 9. Bf1 Nb6 10. e4 dxe4 11. Nxe4 Nxe4 12. Rxe4 Bf5 13. Re1 Rc8 14. c3 Nd5 15.
Bg3 b5 16. Nh4 Bd7 17. Rc1 Bh6 18. Rc2 b4 19. cxb4 Ba4 20. b3 cxb3 21. axb3 Bd7
22. Bc4 Nxb4 23. Rce2 Nc6 24. d5 Na5 25. Qd3 Nxc4 26. bxc4 Re8 27. Qd4 a5 28.
c5 Bb5 29. Re4 Bg7 30. Be5 Bxe5 31. Rxe5 Bc6 32. Rd1 Bb5 33. Nf3 f6 34. Re3 Ra8
35. d6 exd6 36. cxd6 Rxe3 37. Qxe3 Ra6 38. Qb3+ Kg7 39. Qxb5 1-0

[Event "Ä11Ï"]
[Site "Loo"]
[Date "2017.04.27"]
[Round "8.8"]
[White "Êàëàíäèÿ, Ýêà."]
[Black "Ëåãêèõ, Àðèíà."]
[Result "1-0"]
[WhiteElo "1184"]
[BlackElo "1202"]
[PlyCount "86"]
[EventDate "2017.04.20"]

1. e4 e6 2. d4 d5 3. Nd2 Be7 4. c3 c5 5. Ne2 Nf6 6. f3 Nc6 7. e5 Nd7 8. g3 f6
9. f4 Qb6 10. Nf3 Qc7 11. Bh3 Nb6 12. b3 c4 13. b4 a6 14. a4 Bd7 15. a5 Nc8 16.
Be3 b6 17. axb6 Nxb6 18. Ra2 O-O 19. O-O f5 20. Kh1 Nd8 21. Rg1 Ba4 22. Rxa4
Nxa4 23. Qxa4 Nf7 24. g4 g6 25. gxf5 exf5 26. Bxf5 Kg7 27. Bh3 Kh8 28. Qd1 a5
29. Bd2 a4 30. Nc1 a3 31. Na2 Nd8 32. Qf1 Nc6 33. Qg2 Rg8 34. Be6 Rg7 35. f5
Bd8 36. Bh6 Ra7 37. Bxg7+ Qxg7 38. fxg6 Ne7 39. gxh7 Qxh7 40. Ng5 Qg6 41. Nf7+
Kg7 42. Qxg6+ Nxg6 43. Nxd8 Re7 1-0

[Event "Ä11Ï"]
[Site "Loo"]
[Date "2017.04.27"]
[Round "8.9"]
[White "Çàãðåáèíà, Ìàðèíà."]
[Black "Ñèòíîâà, Ìàðãàðèòà."]
[Result "1-0"]
[WhiteElo "1214"]
[BlackElo "1118"]
[PlyCount "97"]
[EventDate "2017.04.20"]

1. d4 Nc6 2. d5 Nb8 3. c4 c5 4. e4 d6 5. Nc3 g6 6. Nf3 Bg7 7. Be2 f6 8. Rb1 e5
9. Bd2 Nh6 10. Qc1 Nf7 11. b4 b6 12. bxc5 bxc5 13. Ng1 O-O 14. Nf3 Na6 15. O-O
Nc7 16. Bd3 Bg4 17. Ne1 Bd7 18. f3 f5 19. Nc2 f4 20. Rf2 Qg5 21. Kf1 Qh4 22. h3
h5 23. Be1 Qf6 24. Rb7 Rac8 25. Rxa7 g5 26. Qa3 Rfd8 27. Qa5 Ne8 28. Nb5 g4 29.
hxg4 hxg4 30. Qa3 gxf3 31. gxf3 Bh3+ 32. Ke2 Qg6 33. Ba5 Nf6 34. Bxd8 Rxd8 35.
Ra8 Rxa8 36. Qxa8+ Kh7 37. Qa3 Qg1 38. Qc3 Nh5 39. Qe1 Qg5 40. a4 Ng3+ 41. Kd2
Bf6 42. Rh2 Qh5 43. Bf1 Ng5 44. Bg2 Bd8 45. Kc1 Kg7 46. Qf2 Qh6 47. Bxh3 Nxh3
48. Qg2 Qh5 49. Rxh3 1-0

[Event "Ä11Ï"]
[Site "Loo"]
[Date "2017.04.27"]
[Round "8.10"]
[White "Çèìîâà, Åêàòåðèíà."]
[Black "Àáðàìîâà, Ñîôèÿ."]
[Result "1-0"]
[WhiteElo "1376"]
[BlackElo "1117"]
[PlyCount "75"]
[EventDate "2017.04.20"]

1. e4 e6 2. d4 d5 3. Nc3 Bb4 4. e5 c5 5. a3 Bxc3+ 6. bxc3 Qa5 7. Bd2 c4 8. Qg4
g6 9. Nf3 Qa4 10. Ra2 Ne7 11. Be2 Nbc6 12. O-O b6 13. Rb1 Bb7 14. h3 O-O-O 15.
Ng5 Rdf8 16. f4 Qa5 17. a4 Nxd4 18. Bf1 h6 19. Be1 Ndf5 20. Rb5 Qa6 21. Nf3 Bc6
22. Rb4 Ne3 23. Qg3 N7f5 24. Qf2 Kc7 25. g4 Rhg8 26. gxf5 gxf5+ 27. Kh1 Nxf1
28. Qxf1 Rg7 29. Nd4 Rfg8 30. Bf2 Qc8 31. Nxc6 Kxc6 32. a5 Kd7 33. axb6 Kd8 34.
bxa7 Qc6 35. a8=Q+ Qxa8 36. Rxa8+ Kc7 37. Rxg8 Rxg8 38. Qa1 1-0

[Event "Ä11Ï"]
[Site "Loo"]
[Date "2017.04.27"]
[Round "8.11"]
[White "Ñìèðíîâà, Àë¸íà."]
[Black "Íàãàåâà, Àëèÿ."]
[Result "1/2-1/2"]
[WhiteElo "1187"]
[BlackElo "1269"]
[PlyCount "80"]
[EventDate "2017.04.20"]

1. e4 c5 2. Nf3 d6 3. d3 Nc6 4. Nbd2 g6 5. g3 Bg7 6. Bg2 e6 7. O-O Nge7 8. c3
O-O 9. a4 Rb8 10. Nc4 d5 11. exd5 exd5 12. Ne3 a6 13. Bd2 b5 14. b3 d4 15. cxd4
Nxd4 16. Nxd4 Bxd4 17. Rb1 Nf5 18. Nxf5 Bxf5 19. Bf4 Rb6 20. Re1 Bg7 21. Be4
Bxe4 22. Rxe4 f5 23. Re1 Re8 24. Rxe8+ Qxe8 25. Qe1 Re6 26. Qd1 Bd4 27. Kf1 Qc6
28. f3 Qd5 29. Rc1 Bb2 30. Rb1 Bc3 31. Kg2 Qd4 32. Rc1 Re1 33. Qc2 Rxc1 34.
Bxc1 bxa4 35. bxa4 a5 36. Qa2+ Kg7 37. Qc4 Qxc4 38. dxc4 Kf6 39. Kf2 Ke5 40.
Ke3 Bd4+ 1/2-1/2

[Event "Ä11Ï"]
[Site "Loo"]
[Date "2017.04.27"]
[Round "8.12"]
[White "Íîâîñåëîâà, Ñâåòëàíà."]
[Black "Äàðìàåâà, Íîìèíà."]
[Result "1-0"]
[WhiteElo "1229"]
[BlackElo "1047"]
[PlyCount "55"]
[EventDate "2017.04.20"]

1. d4 d5 2. c4 e6 3. Nc3 Nf6 4. cxd5 exd5 5. Bg5 Nbd7 6. e3 Be7 7. Bd3 c6 8.
Qc2 h6 9. Bh4 O-O 10. Nf3 Qc7 11. O-O b6 12. Rab1 Bb7 13. b4 a6 14. Bg3 Bd6 15.
Bxd6 Qxd6 16. h3 Rfe8 17. Rfe1 Rab8 18. Qa4 b5 19. Qa5 Ne4 20. Bxe4 dxe4 21.
Nd2 f5 22. a4 Ra8 23. Nb3 Reb8 24. Nc5 Kh7 25. axb5 axb5 26. Nxb7 Rxa5 27. Nxd6
Raa8 28. Nxf5 1-0

[Event "Ä11Ï"]
[Site "Loo"]
[Date "2017.04.27"]
[Round "8.13"]
[White "×èñòÿêîâà, Âåðîíèêà."]
[Black "Ïåòðîâà, Âàðâàðà."]
[Result "1-0"]
[WhiteElo "1116"]
[BlackElo "1210"]
[PlyCount "59"]
[EventDate "2017.04.20"]

1. c4 Nf6 2. Nf3 g6 3. Nc3 Bg7 4. e4 d6 5. d4 O-O 6. h3 Nbd7 7. Be2 e5 8. O-O
exd4 9. Nxd4 Nc5 10. Bd3 Re8 11. Re1 a5 12. Bf4 Nfd7 13. Nf3 Nxd3 14. Qxd3 Nc5
15. Qc2 b6 16. e5 Bf5 17. Qd2 Nd3 18. Re2 dxe5 19. Bh2 Nc5 20. Qxd8 Raxd8 21.
Nxe5 Bxe5 22. Rxe5 Ne6 23. Rae1 g5 24. Rxf5 h6 25. Rfe5 Rd7 26. Rd5 Rde7 27.
Rde5 Kg7 28. R5e4 Kg6 29. Nd5 Rd7 30. b3 {äàëåå çàïèñü íåðàçáîð~~èâà} 1-0

[Event "Ä11Ï"]
[Site "Loo"]
[Date "2017.04.27"]
[Round "8.14"]
[White "Íîâèêîâà, Äàðüÿ."]
[Black "Êóëèø, Ãëàôèðà."]
[Result "0-1"]
[WhiteElo "1117"]
[BlackElo "1195"]
[PlyCount "51"]
[EventDate "2017.04.20"]

1. Nf3 c5 2. e4 d6 3. d4 cxd4 4. Qxd4 Nc6 5. Bb5 Bd7 6. Bxc6 Bxc6 7. Nc3 Nf6 8.
Be3 e6 9. h3 Be7 10. O-O-O e5 11. Qd3 Qd7 12. Nd2 d5 13. exd5 Nxd5 14. Nxd5
Bxd5 15. Nc4 Rd8 16. Bxa7 Qa4 17. Nb6 Bg5+ 18. Rd2 Bxd2+ 19. Kxd2 Qxa7 20. Nxd5
Qa5+ 21. Ke2 Rxd5 22. Qe3 Qxa2 23. Qc3 Qa6+ 24. Kf3 Qc6 25. Qb3 Rd3+ 26. Kg4
0-1

[Event "Ä11Ï"]
[Site "Loo"]
[Date "2017.04.27"]
[Round "8.15"]
[White "Êîæåâíèêîâà, Àëåíà."]
[Black "Êîðîáèöûíà, Äàðüÿ."]
[Result "1-0"]
[WhiteElo "1422"]
[BlackElo "1143"]
[PlyCount "113"]
[EventDate "2017.04.20"]

1. g4 d5 2. h3 e5 3. Bg2 Bc5 4. e3 Nc6 5. b3 Nge7 6. Bb2 d4 7. Qe2 O-O 8. a3 a6
9. Nf3 b5 10. d3 b4 11. exd4 exd4 12. O-O Qd6 13. a4 Nd5 14. Qe4 Nc3 15. Nxc3
dxc3 16. Bc1 Bd7 17. Bf4 Qe6 18. Qxe6 Bxe6 19. Bxc7 Rac8 20. Bg3 Bd5 21. Ne5
Bxg2 22. Kxg2 Nd4 23. Nd7 Rfe8 24. Nxc5 Rxc5 25. Bd6 Rcc8 26. Rac1 a5 27. f4
Re2+ 28. Rf2 Rce8 29. Be5 Rxf2+ 30. Kxf2 Nc6 31. Re1 f6 32. Bc7 Rxe1 33. Kxe1
Kf7 34. Bb6 Ke6 35. Ke2 f5 36. d4 Kd5 37. Kd3 h6 38. gxf5 h5 39. Bc7 Ne7 40.
Bxa5 Nxf5 41. Bxb4 Nxd4 42. Bxc3 Ne6 43. f5 Nf4+ 44. Ke3 Nxh3 45. Bxg7 Ng5 46.
c4+ Kc5 47. Kf4 Nf7 48. f6 h4 49. Kg4 h3 50. Kxh3 Kb4 51. Kg4 Ka5 52. Kf5 Kb4
53. Ke6 Ng5+ 54. Ke7 Nf3 55. f7 Nh4 56. Kf6 Kxb3 57. f8=Q 1-0

[Event "Ä11Ï"]
[Site "Loo"]
[Date "2017.04.27"]
[Round "8.16"]
[White "Êó÷èíà, Àëåêñàíäðà."]
[Black "ßêèìîâà, Çëàòà."]
[Result "1/2-1/2"]
[WhiteElo "1004"]
[BlackElo "1259"]
[PlyCount "142"]
[EventDate "2017.04.20"]

1. e3 d5 2. d4 c5 3. c4 e6 4. Nc3 Nf6 5. Nf3 Be7 6. Be2 O-O 7. O-O Nc6 8. b3 b6
9. Bb2 Bb7 10. Qc2 dxc4 11. dxc5 cxb3 12. Qxb3 Bxc5 13. Rad1 Qe7 14. Rd2 Rfd8
15. Qc2 Rxd2 16. Nxd2 Rd8 17. Rd1 a6 18. Ba1 Qc7 19. Qb2 Ne8 20. Nce4 Bf8 21.
Qc2 f5 22. Ng3 Qe7 23. Bf3 Nb4 24. Qb3 Bxf3 25. Nxf3 Rxd1+ 26. Qxd1 Nf6 27. Qb3
b5 28. Nxf5 Qf7 29. N5d4 Nfd5 30. a3 Qc7 31. Bb2 e5 32. Nxe5 Qxe5 33. axb4 Bxb4
34. Nc6 Qd6 35. Nxb4 Qxb4 36. Qxd5+ Kf8 37. Qa8+ Kf7 38. Qa7+ Ke8 39. Qb8+ Kd7
40. Qb7+ Ke8 41. Qc8+ Kf7 42. Qd7+ Qe7 43. Qxe7+ Kxe7 44. Kf1 Kd6 45. Ke2 a5
46. Kd3 Kc5 47. Kc3 b4+ 48. Kb3 Kb5 49. e4 a4+ 50. Ka2 a3 51. Bxa3 bxa3 52. f4
Kc5 53. e5 Kc6 54. g4 Kd7 55. Kxa3 Ke6 56. Kb4 g5 57. fxg5 Kxe5 58. Kc4 Kf4 59.
Kd4 Kxg4 60. Ke4 Kxg5 61. Kf3 Kh4 62. Kg2 Kg4 63. Kg1 Kf3 64. h4 Kg4 65. Kh2
Kxh4 66. Kh1 Kg3 67. Kg1 h5 68. Kh1 h4 69. Kg1 Kh3 70. Kh1 Kg3 71. Kg1 Kh3
1/2-1/2

[Event "Ä11Ï"]
[Site "Loo"]
[Date "2017.04.27"]
[Round "8.17"]
[White "Ãîëèêîâà, Àëèñà."]
[Black "Ãîí÷àðîâà, Ñîôèÿ."]
[Result "1-0"]
[WhiteElo "1233"]
[BlackElo "1034"]
[PlyCount "37"]
[EventDate "2017.04.20"]

1. e4 e5 2. Nf3 Nc6 3. d4 d6 4. dxe5 Nxe5 5. Nxe5 dxe5 6. Qxd8+ Kxd8 7. Bc4 f6
8. Nc3 Bd7 9. Be3 c5 10. O-O-O Rc8 11. Be6 Rc7 12. Nb5 Rc6 13. Rxd7+ Ke8 14.
Nc7+ Rxc7 15. Rxc7 Bd6 16. Rc8+ Ke7 17. Rxg8 Rxg8 18. Bxg8 b5 19. Bxh7 1-0

[Event "Ä11Ï"]
[Site "Loo"]
[Date "2017.04.27"]
[Round "8.21"]
[White "Ïóòèíöåâà, Ìàðèíà."]
[Black "Øåíêåð, Àíãåëèíà."]
[Result "1/2-1/2"]
[WhiteElo "1087"]
[BlackElo "1151"]
[PlyCount "80"]
[EventDate "2017.04.20"]

1. g4 d5 2. Bg2 Bxg4 3. c4 c6 4. cxd5 cxd5 5. Qb3 Be6 6. Qxb7 Nd7 7. Nc3 Ngf6
8. Nxd5 Nxd5 9. Bxd5 Bxd5 10. Qxd5 e6 11. Qg2 Bb4 12. Qxg7 Qf6 13. Qxf6 Nxf6
14. b3 Ne4 15. Nf3 Bc5 16. e3 Rd8 17. Bb2 Rg8 18. Ke2 Rg2 19. Raf1 Bb4 20. d3
Nc5 21. d4 Ne4 22. Rhg1 Rxg1 23. Rxg1 Rc8 24. Rg8+ Bf8 25. Ne1 Nf6 26. Rg1 Bb4
27. Kd3 Bxe1 28. Rxe1 Ng4 29. f3 Nxh2 30. Rh1 Nxf3 31. Rxh7 Ne1+ 32. Ke2 Rc2+
33. Kxe1 Rxb2 34. Rh8+ Ke7 35. Rc8 Rxa2 36. Kd1 Kd7 37. Rc2 Ra3 38. Rc3 a5 39.
Kd2 a4 40. bxa4 Rxa4 1/2-1/2

[Event "Ä11Ï"]
[Site "Loo"]
[Date "2017.04.27"]
[Round "8.25"]
[White "Íåâîëèíà, Âåðà."]
[Black "Ëåêî, Îëüãà."]
[Result "0-1"]
[WhiteElo "1084"]
[BlackElo "1229"]
[PlyCount "120"]
[EventDate "2017.04.20"]

1. e4 c5 2. Nf3 a6 3. d4 cxd4 4. Nxd4 Nf6 5. Nc3 e5 6. Nf3 Bb4 7. Bd2 Bxc3 8.
Bxc3 d6 9. Bd3 Nbd7 10. O-O Nc5 11. Bb4 Nfxe4 12. Re1 Nxd3 13. Qxd3 Nxf2 14.
Qxd6 Qxd6 15. Bxd6 Ng4 16. Nxe5 Nxe5 17. Rxe5+ Be6 18. c4 Rd8 19. c5 b6 20. Rc1
bxc5 21. Bxc5 Rd2 22. Be3 Rd8 23. Bc5 Rd5 24. Rxd5 Bxd5 25. a3 f6 26. b4 Kf7
27. Rd1 Bc6 28. Rd6 Bb5 29. Kf2 Re8 30. Rd2 Ke6 31. Ke3 Kf5+ 32. Kd4 Rd8+ 33.
Ke3 Rxd2 34. Kxd2 Ke4 35. Kc3 Ba4 36. Kd2 Kf4 37. Kd3 Bc6 38. Bd6+ Kg4 39. g3
Kh3 40. Bf8 g6 41. Be7 f5 42. Bg5 Kxh2 43. Bf4 h5 44. Kc3 Kh3 45. Kb3 h4 46.
gxh4 Kxh4 47. a4 g5 48. Bh2 g4 49. Kc3 g3 50. Bg1 Kh3 51. Kd2 Kg2 52. Be3 Kf3
53. Bg1 f4 54. Ke1 Kg2 55. Bd4 f3 56. b5 f2+ 57. Bxf2 gxf2+ 58. Kd2 axb5 59.
axb5 Bxb5 60. Kc3 f1=Q 0-1